000 01555nam2a2200325 4500
001 rc\2949125
005 20260315071532.0
035 _a(NLR Aleph) 007214308
090 _a13631481
_c13631481
100 _a20110829d1938 u y0rusy50 ca
101 1 _arus
_cfre
102 _aRU
105 _aacg z |||||
200 1 _aБетховен. Великие творческие эпохи
_fПеревод с фр. М.А. Кузмина
_gРедакция пер. Г. Пиралова
_gКомментарии Б. Левика
210 _d1938
215 _a340 с., 24 вкл. л. ил. и портр.
_cил., портр., нот.
300 _aНа обороте тит. л.: Romain Rolland. Beetnoven. Les grandes époques créatrices
461 0 _1001rc\2949122
_12001#$aСобрание музыкально-исторических сочинений$eВ 9 томах$vТ. 7
_1700#1$3RU\NLR\AUTH\7713146$7ca$aРоллан$bР.$f1866-1944$gРомен
_97678124
_aРоллан, Р. (1866-1944)
_cМосква
_d1938
_nМузгиз
_oВ 9 томах
_tСобрание музыкально-исторических сочинений
_vТ. 7
600 1 _aБетховен
_bЛ. ван
_f1770-1827
_gЛюдвиг ван
702 1 _aКузмин
_bМ.А.
_4730
702 1 _aПиралов
_bГ.
_4340
702 1 _aЛевик
_bБ.
_4212
801 0 _aRU
_bNLR
_gpsbo
801 1 _aRU
_bELAR
_2rusmarc
852 _aNLR
_j38-16/15(7)
852 _aNLR
_jИс80 В-3/5
852 _aNLR
_bМф
_jК-1/10394
852 _aNLR
_j128/4869
942 _cUNSPEC
980 _aNB